000 00219nam a2200097Ia 4500
005 20251222114410.0
008 251222s1900||||xx |||||||||||||| ||spa||
082 _aDVD0124/S12/2004
245 0 _aSabina y Cía:
942 _cDVD
999 _c2003
_d2003